Normal view
MARC view
- Handbook of Electrical Construction Tools and Materials
Entry Topical Term
001 - CONTROL NUMBER
- control field: 125797
003 - CONTROL NUMBER IDENTIFIER
- control field: NUST
005 - DATE AND TIME OF LATEST TRANSACTION
- control field: 20240911142236.0
008 - FIXED-LENGTH DATA ELEMENTS
- fixed length control field: 240911|| aca||aabn | a|a d
040 ## - CATALOGING SOURCE
- Original cataloging agency: NUST
- Transcribing agency: NUST
150 ## - HEADING--TOPICAL TERM
- Topical term or geographic name entry element: Handbook of Electrical Construction Tools and Materials
670 ## - SOURCE DATA FOUND
- Source citation: Work cat.: (NUST): GENE Whitson 125796, Handbook of Electrical Construction Tools and Materials , 1996.
